[Event "CRO-ch U13"]
[Site "Trogir"]
[Date "2023.06.26"]
[Round "9"]
[White "Horvat, Ivan"]
[Black "Dimac, Petar"]
[Result "1-0"]
[WhiteElo "1352"]
[BlackElo "1219"]
[PlyCount "191"]
[EventDate "2023.06.21"]
[EventType "swiss"]
[EventRounds "9"]
[EventCountry "CRO"]
[SourceTitle "EXT 2024"]
[Source "ChessBase"]
[SourceDate "2023.10.10"]
[SourceVersion "1"]
[SourceVersionDate "2023.10.10"]
[SourceQuality "1"]

1. e4 c5 2. Nf3 d6 3. d4 cxd4 4. Nxd4 Nf6 5. Nc3 g6 6. f3 Bg7 7. Be3 0-0 8. Qd2 Nc6 9. 0-0-0 d5 10. Nxc6 bxc6 11. exd5 cxd5 12. Nxd5 Nxd5 13. Qxd5 Qc7 14. Qc5 Qb7 15. Bd4 Bf5 16. c3 Rab8 17. b3 Rfc8 18. Qa5 Bxd4 19. Rxd4 e5 20. Rc4 Rxc4 21. Bxc4 Qe7 22. Rd1 h5 23. h4 e4 24. fxe4 Qxe4 25. Bd3 Qf4+ 26. Kc2 Bxd3+ 27. Rxd3 Qxh4 28. Qxa7 Re8 29. Qd4 Qe7 30. Kb2 Qe4 31. Qxe4 Rxe4 32. g3 h4 33. gxh4 Rxh4 34. b4 g5 35. b5 Kg7 36. Rg3 Kg6 37. b6 f5 38. Kb3 g4 39. a4 Kg5 40. a5 f4 41. Rd3 Rh1 42. Rd2 Rb1+ 43. Rb2 Rxb2+ 44. Kxb2 f3 45. b7 f2 46. b8Q f1Q 47. Qe5+ Kh4 48. Qe7+ Kh3 49. Qh7+ Kg2 50. Qe4+ Kh3 51. Qh7+ Kg2 52. Qb7+ Kh2 53. a6 Qe2+ 54. Kb3 Qd1+ 55. Kc4 Qa4+ 56. Kd5 Qa5+ 57. Kd4 Qa4+ 58. c4 Qd1+ 59. Kc5 Qg1+ 60. Kc6 Qd4 61. c5 Qe4+ 62. Kc7 Qe5+ 63. Kb6 Kh3 64. Qc6 Qb8+ 65. Qb7 Qd8+ 66. Qc7 Qf6+ 67. Kb7 Qb2+ 68. Kc8 Qh8+ 69. Qd8 Qc3 70. Qd6 Qh8+ 71. Kb7 Qb2+ 72. Kc6 Qa1 73. Kb7 Qg7+ 74. Kc8 Qg8+ 75. Kc7 Qg7+ 76. Qd7 Qe5+ 77. Qd6 Qg7+ 78. Kc6 Qa1 79. Qh6+ Kg3 80. Kb7 Qb2+ 81. Kc7 Qa3 82. Qb6 Qe3 83. Qd6+ Kh3 84. a7 Qf3 85. c6 Qf7+ 86. Qd7 Qf4+ 87. Kc8 Qb4 88. Kc7 Qf4+ 89. Qd6 Qa4 90. Qh6+ Kg2 91. Qd2+ Kf3 92. Qd3+ Kf4 93. Qd6+ Kf3 94. Qf8+ Kg2 95. a8Q Qxa8 96. Qxa8 1-0

[Event "CRO-ch U13"]
[Site "Trogir"]
[Date "2023.06.23"]
[Round "4"]
[White "Horvat, Ivan"]
[Black "Djikic, Filip"]
[Result "1/2-1/2"]
[WhiteElo "1352"]
[BlackElo "1410"]
[PlyCount "59"]
[EventDate "2023.06.21"]
[EventType "swiss"]
[EventRounds "9"]
[EventCountry "CRO"]
[SourceTitle "EXT 2024"]
[Source "ChessBase"]
[SourceDate "2023.10.10"]
[SourceVersion "1"]
[SourceVersionDate "2023.10.10"]
[SourceQuality "1"]

1. e4 d5 2. exd5 Nf6 3. d4 Bg4 4. Nf3 Nxd5 5. c4 Nb4 6. a3 Bxf3 7. gxf3 N4c6 8. d5 Ne5 9. Bf4 Ng6 10. Bg3 c6 11. Nc3 Qb6 12. dxc6 Qxc6 13. Nd5 e5 14. Bg2 Bd6 15. Rc1 0-0 16. f4 Kh8 17. 0-0 Qd7 18. c5 Bc7 19. Nxc7 Qxc7 20. fxe5 Nd7 21. e6 Nde5 22. f4 Rad8 23. Qc2 Nd3 24. f5 Nge5 25. Rcd1 Qe7 26. Rxd3 Nxd3 27. Bd6 Rxd6 28. cxd6 Qxd6 29. Bf3 fxe6 30. fxe6 1/2-1/2

[Event "CRO-ch U13"]
[Site "Trogir"]
[Date "2022.06.27"]
[Round "9"]
[White "Petrus, Adrian"]
[Black "Horvat, Ivan"]
[Result "1/2-1/2"]
[WhiteElo "1537"]
[BlackElo "1318"]
[PlyCount "86"]
[EventDate "2022.06.22"]
[EventType "swiss"]
[EventRounds "9"]
[EventCountry "CRO"]
[SourceTitle "CBM 209 Extra"]
[Source "ChessBase"]
[SourceDate "2022.09.30"]
[SourceVersion "1"]
[SourceVersionDate "2022.09.30"]
[SourceQuality "1"]

1. e4 c5 2. Nf3 d6 3. Bb5+ Nd7 4. c4 a6 5. Ba4 Ngf6 6. Nc3 e6 7. d3 Be7 8. 0-0 0-0 9. Bc2 Rb8 10. a4 b6 11. h3 Re8 12. Be3 Nf8 13. Nh2 Qc7 14. f4 Bd7 15. Qe2 b5 16. axb5 axb5 17. Nxb5 Bxb5 18. cxb5 Rxb5 19. Ba4 Qb7 20. Bxb5 Qxb5 21. Qc2 Rb8 22. Rfb1 h6 23. Nf3 N8d7 24. Bd2 Qb3 25. Qxb3 Rxb3 26. Ra8+ Kh7 27. Bc3 c4 28. Nd2 Rb7 29. dxc4 Nc5 30. e5 dxe5 31. Bxe5 Nd3 32. Nf3 Nxe5 33. Nxe5 Nh5 34. Nd3 Rd7 35. Ne1 Nxf4 36. b4 Nh5 37. Ra3 Rb7 38. Rab3 Rd7 39. b5 Rd2 40. R3b2 Bc5+ 41. Kh2 Bd6+ 42. Kh1 Ng3+ 43. Kh2 Ne2+ 1/2-1/2

[Event "CRO-ch U13"]
[Site "Trogir"]
[Date "2022.06.26"]
[Round "8"]
[White "Horvat, Ivan"]
[Black "Mandaric, Duje"]
[Result "1-0"]
[WhiteElo "1318"]
[BlackElo "1333"]
[PlyCount "69"]
[EventDate "2022.06.22"]
[EventType "swiss"]
[EventRounds "9"]
[EventCountry "CRO"]
[SourceTitle "CBM 209 Extra"]
[Source "ChessBase"]
[SourceDate "2022.09.30"]
[SourceVersion "1"]
[SourceVersionDate "2022.09.30"]
[SourceQuality "1"]

1. e4 c6 2. d4 d5 3. Nc3 dxe4 4. Nxe4 Bf5 5. Ng3 Bg6 6. Nf3 Nd7 7. Bc4 e6 8. 0-0 h6 9. Bf4 Ngf6 10. Bb3 Be7 11. Re1 0-0 12. Qe2 Nd5 13. Bd2 N7f6 14. Rad1 a5 15. a4 Qc7 16. c4 Nb6 17. Bc3 Rfd8 18. Nh4 Bh7 19. Nhf5 Bxf5 20. Nxf5 Bb4 21. Ng3 Qe7 22. Ne4 Bxc3 23. bxc3 Nxe4 24. Qxe4 Ra7 25. d5 cxd5 26. cxd5 e5 27. Qxe5 Qd7 28. Qe7 Raa8 29. d6 Nxa4 30. Qxd7 Rxd7 31. Bxa4 Rdd8 32. d7 Kh7 33. h3 b6 34. Re8 f6 35. Rde1 1-0

[Event "CRO-ch U11"]
[Site "Trogir"]
[Date "2021.06.21"]
[Round "5"]
[White "Horvat, Ivan"]
[Black "Sosic, Zvan"]
[Result "1-0"]
[WhiteElo "1121"]
[BlackElo "1065"]
[PlyCount "97"]
[EventDate "2021.06.19"]
[EventType "swiss"]
[EventRounds "9"]
[EventCountry "CRO"]
[SourceTitle "EXT 2022"]
[Source "ChessBase"]
[SourceDate "2021.10.06"]
[SourceVersion "1"]
[SourceVersionDate "2021.10.06"]
[SourceQuality "1"]

1. e4 e5 2. Nf3 Nc6 3. Bb5 Nf6 4. 0-0 Nxe4 5. d4 Nd6 6. Bxc6 dxc6 7. dxe5 Nf5 8. Qxd8+ Kxd8 9. Rd1+ Ke7 10. Bg5+ Ke6 11. Rd8 h6 12. Bf4 Ke7 13. Rd1 g5 14. Bd2 Bg7 15. Nc3 Be6 16. Ne2 g4 17. Nfd4 Bxe5 18. Nxe6 Kxe6 19. Nc3 h5 20. Re1 Kd6 21. Rad1 Bd4 22. Ne4+ Kd7 23. Bc3 c5 24. Nxc5+ Kc6 25. Bxd4 Nxd4 26. Rxd4 Kxc5 27. Rd7 Rhe8 28. Red1 f5 29. Rxc7+ Kb6 30. Rcd7 Rac8 31. c3 f4 32. R7d6+ Kc7 33. Kf1 Re7 34. c4 Rce8 35. c5 b6 36. cxb6+ axb6 37. R6d4 Re4 38. Rd5 R4e5 39. R5d3 h4 40. b3 Re2 41. R3d2 R2e5 42. Rc2+ Kb7 43. Rcc1 Ra5 44. a4 Rae5 45. Re1 Rxe1+ 46. Rxe1 Rxe1+ 47. Kxe1 Ka6 48. b4 Kb7 49. h3 1-0

[Event "CRO-ch U11"]
[Site "Trogir"]
[Date "2021.06.19"]
[Round "2"]
[White "Solin, Borna"]
[Black "Horvat, Ivan"]
[Result "1-0"]
[WhiteElo "1394"]
[BlackElo "1121"]
[PlyCount "61"]
[EventDate "2021.06.19"]
[EventType "swiss"]
[EventRounds "9"]
[EventCountry "CRO"]
[SourceTitle "EXT 2022"]
[Source "ChessBase"]
[SourceDate "2021.10.06"]
[SourceVersion "1"]
[SourceVersionDate "2021.10.06"]
[SourceQuality "1"]

1. d4 Nf6 2. Nf3 g6 3. e3 Bg7 4. Bd3 d6 5. 0-0 0-0 6. b3 Re8 7. Bb2 Nc6 8. Nbd2 e5 9. dxe5 dxe5 10. e4 a6 11. Re1 Bg4 12. h3 Bxf3 13. Nxf3 Nd7 14. a4 Kh8 15. Qd2 Rf8 16. Ba3 Re8 17. Ng5 Kg8 18. Bc4 Bh6 19. Bxf7+ Kg7 20. Bxe8 Bxg5 21. Qxd7+ Qxd7 22. Bxd7 Nd4 23. Ra2 Rd8 24. Bg4 Bf4 25. g3 Bd2 26. Rd1 Bc3 27. Bb2 Bxb2 28. Rxb2 h5 29. c3 Nc6 30. Rxd8 Nxd8 31. Bc8 1-0

[Event "Wch FIDE Online U10 Europe qual"]
[Site "Tornelo INT"]
[Date "2020.12.08"]
[Round "3"]
[White "Horvat, Ivan"]
[Black "Omarsson, Josef"]
[Result "1/2-1/2"]
[WhiteElo "1176"]
[BlackElo "1065"]
[PlyCount "137"]
[EventDate "2020.12.07"]
[EventType "swiss (rapid)"]
[EventRounds "7"]
[EventCountry "ISS"]
[SourceTitle "EXT 2022"]
[Source "ChessBase"]
[SourceDate "2021.10.06"]
[SourceVersion "1"]
[SourceVersionDate "2021.10.06"]
[SourceQuality "1"]

1. e4 d6 2. d4 Nf6 3. Nc3 g6 4. Nf3 Bg7 5. Bc4 0-0 6. a3 Nc6 7. Be3 e5 8. dxe5 dxe5 9. Qxd8 Rxd8 10. Bb3 Bg4 11. 0-0 Bxf3 12. gxf3 Nd4 13. Bd5 c6 14. Bb3 Nxf3+ 15. Kg2 Nd4 16. Rad1 Nxb3 17. cxb3 Ng4 18. Bg5 Nf6 19. Bxf6 Bxf6 20. f3 Rac8 21. Rxd8+ Rxd8 22. Rd1 Rxd1 23. Nxd1 Kf8 24. Ne3 Ke7 25. Nc4 Kd7 26. Kf2 Bh4+ 27. Kg2 f6 28. h3 Be1 29. Kf1 Bg3 30. Ke2 Bf4 31. a4 Bc1 32. Kd1 Bf4 33. Kc2 Kc7 34. b4 b5 35. axb5 cxb5 36. Na5 Be3 37. Nb3 a6 38. Kd3 Bb6 39. Kc3 Kc6 40. Kd3 Kd6 41. Ke2 Kc6 42. Kd3 Kd6 43. Ke2 Ke6 44. Kd3 f5 45. Ke2 Kf6 46. h4 fxe4 47. fxe4 g5 48. hxg5+ Kxg5 49. Kf3 h5 50. Nc5 a5 51. Nd7 Bc7 52. bxa5 Bxa5 53. Nxe5 Bc7 54. Nc6 Bd6 55. e5 Bf8 56. Nd4 h4 57. Ne6+ Kf5 58. Nxf8 Kxe5 59. Ng6+ Kd4 60. Ke2 h3 61. Kf2 Kd3 62. Nf4+ Kc2 63. b4 Kc3 64. Nd5+ Kc4 65. Ne3+ Kxb4 66. Kg3 Ka3 67. Kxh3 b4 68. Nc2+ Kb3 69. Nxb4 1/2-1/2

[Event "Wch FIDE Online U10 Europe qual"]
[Site "Tornelo INT"]
[Date "2020.12.08"]
[Round "5"]
[White "Horvat, Ivan"]
[Black "Samorukov, Boris"]
[Result "1-0"]
[WhiteElo "1176"]
[BlackElo "1185"]
[PlyCount "41"]
[EventDate "2020.12.07"]
[EventType "swiss (rapid)"]
[EventRounds "7"]
[EventCountry "ISS"]
[SourceTitle "EXT 2022"]
[Source "ChessBase"]
[SourceDate "2021.10.06"]
[SourceVersion "1"]
[SourceVersionDate "2021.10.06"]
[SourceQuality "1"]

1. e4 c5 2. Nf3 e6 3. d4 cxd4 4. Nxd4 Nf6 5. Nc3 Nc6 6. Be3 d5 7. exd5 exd5 8. Bb5 a6 9. Nxc6 bxc6 10. Bxc6+ Bd7 11. Bxa8 Qxa8 12. 0-0 Qb7 13. Re1 Ne4 14. Nxd5 Be6 15. Nc3 Nxc3 16. bxc3 Qb2 17. Bd4 Bd6 18. Bxg7 Rg8 19. Qxd6 Rxg7 20. Qd4 Kf8 21. Qb4+ 1-0

[Event "Wch FIDE Online U10 Europe qual"]
[Site "Tornelo INT"]
[Date "2020.12.07"]
[Round "2"]
[White "Ivanov, Andrey6"]
[Black "Horvat, Ivan"]
[Result "1-0"]
[WhiteElo "1261"]
[BlackElo "1176"]
[PlyCount "65"]
[EventDate "2020.12.07"]
[EventType "swiss (rapid)"]
[EventRounds "7"]
[EventCountry "ISS"]
[SourceTitle "EXT 2022"]
[Source "ChessBase"]
[SourceDate "2021.10.06"]
[SourceVersion "1"]
[SourceVersionDate "2021.10.06"]
[SourceQuality "1"]

1. d4 Nf6 2. c4 g6 3. Nc3 Bg7 4. e4 d6 5. f4 0-0 6. Nf3 c5 7. d5 Na6 8. Be3 Nb4 9. a3 Na6 10. h3 Nc7 11. e5 dxe5 12. fxe5 Nfe8 13. Bxc5 b6 14. Bd4 e6 15. d6 Na6 16. Be2 Bb7 17. 0-0 f6 18. exf6 Nxf6 19. Be5 Qd7 20. Qa4 Qxa4 21. Nxa4 Bc6 22. Nc3 Nc5 23. b4 Ncd7 24. Rfd1 Rad8 25. Bh2 Ne8 26. Nd4 Bxd4+ 27. Rxd4 Ndf6 28. Be5 Rf7 29. Rf1 Kg7 30. b5 Bb7 31. Bg4 h5 32. Bxe6 Rf8 33. d7 1-0

[Event "CRO-ch U11"]
[Site "Trogir"]
[Date "2020.08.28"]
[Round "8"]
[White "Horvat, Ivan"]
[Black "Delibasic, Dominik"]
[Result "1-0"]
[WhiteElo "1069"]
[BlackElo "1463"]
[PlyCount "73"]
[EventDate "2020.08.24"]
[EventType "swiss"]
[EventRounds "9"]
[EventCountry "CRO"]
[SourceTitle "CBM 198 Extra"]
[Source "ChessBase"]
[SourceDate "2020.11.30"]
[SourceVersion "1"]
[SourceVersionDate "2020.11.30"]
[SourceQuality "1"]

1. e4 c5 2. Nf3 d6 3. d4 cxd4 4. Nxd4 Nf6 5. Nc3 g6 6. Bc4 Bg7 7. Be3 Nc6 8. f3 0-0 9. Qd2 Bd7 10. 0-0-0 Rb8 11. g4 b5 12. Ndxb5 Ne5 13. Qe2 Qa5 14. Nd4 Nfxg4 15. Bb3 Nxe3 16. Qxe3 Qb6 17. Qe2 Bh6+ 18. Kb1 e6 19. h4 a5 20. a4 Rfe8 21. Ndb5 Bf8 22. f4 Bxb5 23. Nxb5 Nd7 24. h5 Nc5 25. hxg6 hxg6 26. Qh2 Bg7 27. Rxd6 Qb7 28. e5 Qe4 29. Rd4 Qe3 30. Qh3 Qf2 31. Rf1 Qe2 32. Bc4 Qh5 33. Qxh5 gxh5 34. Nd6 Red8 35. Bb5 Nb7 36. Rg1 Rxd6 37. exd6 1-0